000 00850nam a2200265Ia 4500
003 OSt
005 20220928130912.0
006 a|||||r|||| 00| 0
007 ta
008 220927b |||||||| |||| 00| 0 eng d
020 _cINR 350.00
024 _a137949
037 _b110, 15/03/2018, Eastern Media
_cTextual
040 _aSDCL
_cSDCL
_beng
041 _2eng
_aeng
082 _aY15wN7,1, Q3 LR
100 _aMalala Yousafzai
_9399417
245 0 _aI am malala
_b The girl who stood up for education and was shot by the taliban
260 _aLondon
_bWeidenfeld Nicloson
_c2013
300 _axxiii,293p.
_ccm.
650 _aReference
700 _a Lamb Christina
_9441659
942 _hY15wN7,1, Q3 LR
_cTEXL
_2CC
999 _c789000
_d789000